<?xml version="1.0" encoding="UTF-8"?>
<record
    xmlns:xsi="http://www.w3.org/2001/XMLSchema-instance"
    xsi:schemaLocation="http://www.loc.gov/MARC21/slim http://www.loc.gov/standards/marcxml/schema/MARC21slim.xsd"
    xmlns="http://www.loc.gov/MARC21/slim">

  <leader>00670nam a22001337a 4500</leader>
  <datafield tag="040" ind1=" " ind2=" ">
    <subfield code="c">RUA</subfield>
  </datafield>
  <datafield tag="082" ind1=" " ind2=" ">
    <subfield code="a">VEM CHH 2015 B533 Or.1</subfield>
  </datafield>
  <datafield tag="100" ind1=" " ind2=" ">
    <subfield code="a">CHHAY CHANBORITH; &#x1786;&#x17B6;&#x1799; &#x1785;&#x17B6;&#x1793;&#x17CB;&#x1794;&#x17BC;&#x179A;&#x17B7;&#x1791;&#x17D2;&#x1792;</subfield>
  </datafield>
  <datafield tag="245" ind1=" " ind2=" ">
    <subfield code="a">Study on prevalence of influenza in smallholders pig in kandal and kampong speu province; &#x179F;&#x17B7;&#x1780;&#x17D2;&#x179F;&#x17B6;&#x1796;&#x17B8;&#x1780;&#x1798;&#x17D2;&#x179A;&#x17B7;&#x178F;&#x179A;&#x17B6;&#x179B;&#x178A;&#x17B6;&#x179B;&#x1787;&#x17C6;&#x1784;&#x17BA;&#x1795;&#x17D2;&#x178A;&#x17B6;&#x179F;&#x17B6;&#x1799;&#x179B;&#x17BE;&#x1787;&#x17D2;&#x179A;&#x17BC;&#x1780;&#x179A;&#x1794;&#x179F;&#x17CB;&#x1780;&#x179F;&#x17B7;&#x1780;&#x179A;&#x1780;&#x17D2;&#x1793;&#x17BB;&#x1784;&#x1781;&#x17C1;&#x178F;&#x17D2;&#x178F;&#x1780;&#x178E;&#x17D2;&#x178A;&#x17B6;&#x179B; &#x1793;&#x17B7;&#x1784;&#x1781;&#x17C1;&#x178F;&#x17D2;&#x178F;&#x1780;&#x17C6;&#x1796;&#x1784;&#x17CB;&#x179F;&#x17D2;&#x1796;&#x17BA;</subfield>
  </datafield>
  <datafield tag="260" ind1=" " ind2=" ">
    <subfield code="a">PHNOM PENH</subfield>
    <subfield code="b">CHH</subfield>
    <subfield code="c">2015</subfield>
  </datafield>
  <datafield tag="300" ind1=" " ind2=" ">
    <subfield code="a">viii;33p.</subfield>
    <subfield code="b">ill.</subfield>
    <subfield code="c">29cm.</subfield>
  </datafield>
  <datafield tag="856" ind1=" " ind2=" ">
    <subfield code="u">CHHAY CHANBORITH</subfield>
  </datafield>
  <datafield tag="942" ind1=" " ind2=" ">
    <subfield code="c">VEM</subfield>
  </datafield>
  <datafield tag="999" ind1=" " ind2=" ">
    <subfield code="c">10909</subfield>
    <subfield code="d">10909</subfield>
  </datafield>
  <datafield tag="952" ind1=" " ind2=" ">
    <subfield code="0">0</subfield>
    <subfield code="1">0</subfield>
    <subfield code="2">ddc</subfield>
    <subfield code="4">0</subfield>
    <subfield code="6">VEM_CHH_2015_000000000000000_B533_OR_1</subfield>
    <subfield code="7">0</subfield>
    <subfield code="9">57393</subfield>
    <subfield code="a">LBB</subfield>
    <subfield code="b">LBB</subfield>
    <subfield code="c">B533</subfield>
    <subfield code="d">2016-11-25</subfield>
    <subfield code="o">VEM CHH 2015 B533 Or.1</subfield>
    <subfield code="p">A02991</subfield>
    <subfield code="r">2016-11-25</subfield>
    <subfield code="w">2016-11-25</subfield>
    <subfield code="y">VEM</subfield>
  </datafield>
  <datafield tag="952" ind1=" " ind2=" ">
    <subfield code="0">0</subfield>
    <subfield code="1">0</subfield>
    <subfield code="2">ddc</subfield>
    <subfield code="4">0</subfield>
    <subfield code="6">VEM_CHH_2015_000000000000000_B533_OR_2</subfield>
    <subfield code="7">0</subfield>
    <subfield code="9">57394</subfield>
    <subfield code="a">LBB</subfield>
    <subfield code="b">LBB</subfield>
    <subfield code="c">B533</subfield>
    <subfield code="d">2016-11-25</subfield>
    <subfield code="o">VEM CHH 2015 B533 Or.2</subfield>
    <subfield code="p">A04328</subfield>
    <subfield code="r">2016-11-25</subfield>
    <subfield code="w">2016-11-25</subfield>
    <subfield code="y">VEM</subfield>
  </datafield>
  <datafield tag="952" ind1=" " ind2=" ">
    <subfield code="0">0</subfield>
    <subfield code="1">0</subfield>
    <subfield code="2">ddc</subfield>
    <subfield code="4">0</subfield>
    <subfield code="6">VEM_CHH_2015_000000000000000_B533_OR_3</subfield>
    <subfield code="7">0</subfield>
    <subfield code="9">57395</subfield>
    <subfield code="a">LBB</subfield>
    <subfield code="b">LBB</subfield>
    <subfield code="c">B533</subfield>
    <subfield code="d">2016-11-25</subfield>
    <subfield code="o">VEM CHH 2015 B533 Or.3</subfield>
    <subfield code="p">A04188</subfield>
    <subfield code="r">2016-11-25</subfield>
    <subfield code="w">2016-11-25</subfield>
    <subfield code="y">VEM</subfield>
  </datafield>
  <datafield tag="952" ind1=" " ind2=" ">
    <subfield code="0">0</subfield>
    <subfield code="1">0</subfield>
    <subfield code="2">ddc</subfield>
    <subfield code="4">0</subfield>
    <subfield code="6">VEM_CHH_2015_000000000000000_B533_OR_4</subfield>
    <subfield code="7">0</subfield>
    <subfield code="9">57396</subfield>
    <subfield code="a">LBB</subfield>
    <subfield code="b">LBB</subfield>
    <subfield code="c">B533</subfield>
    <subfield code="d">2016-11-25</subfield>
    <subfield code="o">VEM CHH 2015 B533 Or.4</subfield>
    <subfield code="p">A03000</subfield>
    <subfield code="r">2016-11-25</subfield>
    <subfield code="w">2016-11-25</subfield>
    <subfield code="y">VEM</subfield>
  </datafield>
  <datafield tag="952" ind1=" " ind2=" ">
    <subfield code="0">0</subfield>
    <subfield code="1">0</subfield>
    <subfield code="2">ddc</subfield>
    <subfield code="4">0</subfield>
    <subfield code="6">VEM_CHH_2015_000000000000000_B533_OR_5</subfield>
    <subfield code="7">0</subfield>
    <subfield code="9">57397</subfield>
    <subfield code="a">LBB</subfield>
    <subfield code="b">LBB</subfield>
    <subfield code="c">B533</subfield>
    <subfield code="d">2016-11-25</subfield>
    <subfield code="o">VEM CHH 2015 B533 Or.5</subfield>
    <subfield code="p">A03753</subfield>
    <subfield code="r">2016-11-25</subfield>
    <subfield code="w">2016-11-25</subfield>
    <subfield code="y">VEM</subfield>
  </datafield>
  <datafield tag="952" ind1=" " ind2=" ">
    <subfield code="0">0</subfield>
    <subfield code="1">0</subfield>
    <subfield code="2">ddc</subfield>
    <subfield code="4">0</subfield>
    <subfield code="6">VEM_CHH_2015_000000000000000_B533_OR_6</subfield>
    <subfield code="7">0</subfield>
    <subfield code="9">57398</subfield>
    <subfield code="a">LBB</subfield>
    <subfield code="b">LBB</subfield>
    <subfield code="c">B533</subfield>
    <subfield code="d">2016-11-25</subfield>
    <subfield code="o">VEM CHH 2015 B533 Or.6</subfield>
    <subfield code="p">A04314</subfield>
    <subfield code="r">2016-11-25</subfield>
    <subfield code="w">2016-11-25</subfield>
    <subfield code="y">VEM</subfield>
  </datafield>
  <datafield tag="952" ind1=" " ind2=" ">
    <subfield code="0">0</subfield>
    <subfield code="1">0</subfield>
    <subfield code="2">ddc</subfield>
    <subfield code="4">0</subfield>
    <subfield code="6">VEM_CHH_2015_000000000000000_B533_OR_7</subfield>
    <subfield code="7">0</subfield>
    <subfield code="9">57399</subfield>
    <subfield code="a">LBB</subfield>
    <subfield code="b">LBB</subfield>
    <subfield code="c">B533</subfield>
    <subfield code="d">2016-11-25</subfield>
    <subfield code="o">VEM CHH 2015 B533 Or.7</subfield>
    <subfield code="p">A04244</subfield>
    <subfield code="r">2016-11-25</subfield>
    <subfield code="w">2016-11-25</subfield>
    <subfield code="y">VEM</subfield>
  </datafield>
  <datafield tag="952" ind1=" " ind2=" ">
    <subfield code="0">0</subfield>
    <subfield code="1">0</subfield>
    <subfield code="2">ddc</subfield>
    <subfield code="4">0</subfield>
    <subfield code="6">VEM_CHH_2015_000000000000000_B533_OR_8</subfield>
    <subfield code="7">0</subfield>
    <subfield code="9">57400</subfield>
    <subfield code="a">LBB</subfield>
    <subfield code="b">LBB</subfield>
    <subfield code="c">B533</subfield>
    <subfield code="d">2016-11-25</subfield>
    <subfield code="o">VEM CHH 2015 B533 Or.8</subfield>
    <subfield code="p">A04074</subfield>
    <subfield code="r">2016-11-25</subfield>
    <subfield code="w">2016-11-25</subfield>
    <subfield code="y">VEM</subfield>
  </datafield>
</record>
